The voyage of their life : (Record no. 2823)

MARC details
000 -LEADER
fixed length control field 02246cam a2200397 a 4500
001 - CONTROL NUMBER
control field 2823
003 - CONTROL NUMBER IDENTIFIER
control field FISKH
005 - DATE AND TIME OF LATEST TRANSACTION
control field 20240116110102.0
008 - FIXED-LENGTH DATA ELEMENTS--GENERAL INFORMATION
fixed length control field 020103s2001 at ac b 001 0ceng d
010 ## - LIBRARY OF CONGRESS CONTROL NUMBER
LC control number 2002327177
020 ## - INTERNATIONAL STANDARD BOOK NUMBER
International Standard Book Number 0732268265
020 ## - INTERNATIONAL STANDARD BOOK NUMBER
International Standard Book Number 0732268680 (pbk.)
035 ## - SYSTEM CONTROL NUMBER
System control number 000022851767
040 ## - CATALOGING SOURCE
Original cataloging agency ANL
Language of cataloging eng
Transcribing agency ANL
Modifying agency NRYD
-- NRAND
-- APLS
-- DLC
042 ## - AUTHENTICATION CODE
Authentication code lccopycat
043 ## - GEOGRAPHIC AREA CODE
Geographic area code e------
-- u-at---
050 00 - LIBRARY OF CONGRESS CALL NUMBER
Classification number D809.A8
Item number A76 2001
082 00 - DEWEY DECIMAL CLASSIFICATION NUMBER
Classification number 940.53/086/91
Edition number 21
100 1# - MAIN ENTRY--PERSONAL NAME
Personal name Armstrong, Diane,
Dates associated with a name 1939-
245 14 - TITLE STATEMENT
Title The voyage of their life :
Remainder of title the story of the SS Derna and its passengers /
Statement of responsibility, etc. Diane Armstrong.
260 ## - PUBLICATION, DISTRIBUTION, ETC.
Place of publication, distribution, etc. Sydney, NSW :
Name of publisher, distributor, etc. Flamingo,
Date of publication, distribution, etc. 2001.
300 ## - PHYSICAL DESCRIPTION
Extent ix, 483, [1] pages, [32] pages of plates :
Other physical details illustrations, portraits ;
Dimensions 25 cm.
500 ## - GENERAL NOTE
General note Includes index.
504 ## - BIBLIOGRAPHY, ETC. NOTE
Bibliography, etc. note Bibliography: p. [484].
520 ## - SUMMARY, ETC.
Summary, etc. In August 1948, 545 passengers boarded an overcrowded, clapped-out vessel in Marseilles to face an uncertain future in Australia and New Zealand. They came from displaced persons camps in Germany, death camps in Poland, labour camps in Hungary, gulags in Siberia and stony Aegean islands. There were those who had been hunted by the Nazis and those who had welcomed them; those who had followed the Communists and those who had fled them. Diane Armstrong set sail on the Derna with her parents when she was nine years old. Like a detective searching for clues, she has located over a hundred of the passengers. Through their recollections and memorabilia, as well as archival documents, she has recreated the voyage and traced what became of their hopes and dreams. The result is the unique portrayal of a migrant ship and its passengers.
600 10 - SUBJECT ADDED ENTRY--PERSONAL NAME
Personal name Armstrong, Diane,
Dates associated with a name 1939-
General subdivision Travel
Geographic subdivision Australia.
650 #0 - SUBJECT ADDED ENTRY--TOPICAL TERM
Topical term or geographic name entry element World War, 1939-1945
General subdivision Refugees.
650 #0 - SUBJECT ADDED ENTRY--TOPICAL TERM
Topical term or geographic name entry element Jewish refugees
Geographic subdivision Australia
Form subdivision Biography.
650 #0 - SUBJECT ADDED ENTRY--TOPICAL TERM
Topical term or geographic name entry element Immigrants
Geographic subdivision Australia
Form subdivision Biography.
650 #0 - SUBJECT ADDED ENTRY--TOPICAL TERM
Topical term or geographic name entry element Voyages and travels.
651 #0 - SUBJECT ADDED ENTRY--GEOGRAPHIC NAME
Geographic name Europe
General subdivision Emigration and immigration.
651 #0 - SUBJECT ADDED ENTRY--GEOGRAPHIC NAME
Geographic name Australia
General subdivision Emigration and immigration.
906 ## - LOCAL DATA ELEMENT F, LDF (RLIN)
a 7
b cbc
c copycat
d 3
e ncip
f 20
g y-gencatlg
942 ## - ADDED ENTRY ELEMENTS (KOHA)
Source of classification or shelving scheme Dewey Decimal Classification
Koha item type Books
Suppress in OPAC No
Holdings
Withdrawn status Lost status Source of classification or shelving scheme Damaged status Not for loan Collection Home library Current library Shelving location Date acquired Total Checkouts Full call number Barcode Date last seen Price effective from Koha item type
    Dewey Decimal Classification     Non-Fiction Footprints International School Library Network Toul Kork Campus Footprints International School Library Network Toul Kork Campus   01/16/2024   ARM 305.90691 D809.A8 2024-0036 01/16/2024 01/16/2024 Books